| 000 | 00593nam a22001937a 4500 | ||
|---|---|---|---|
| 003 | CEME | ||
| 005 | 20210628204045.0 | ||
| 008 | 210126b xxu||||| |||| 00| 0 eng d | ||
| 020 | _a0-8493-1083-0 | ||
| 040 | _c. | ||
| 082 | _a629.8 INS | ||
| 100 |
_aLiptak, Bela G _96079 |
||
| 245 | _aProcess measurement and analysis vol-i;instrument engineers handbook | ||
| 250 | _a4TH | ||
| 260 |
_aNEW YORK _bCRC PRESS _c2003 |
||
| 300 | _aLII,1860P | ||
| 650 |
_aPROCESS CONTROL HANDBOOKS MANUALS, ETC, MEASURING INSTRUMENTS HANDBOOKS, PROCESS MEASUREMENT AND ANALYSIS _968501 |
||
| 942 |
_cBK _2ddc |
||
| 999 |
_c576064 _d576064 |
||